00370nam a22001577a 4500003000400000008004100004020001800045082001500063100001600078245002700094250001100121260002700132300000800159650002700167700001800194OSt250423b |||||||| |||| 00| 0 eng d a9789354249334 a658.18 MOI aMORRIS,Shad aInternational Business a2nd Ed aNew DelhibWileyc2022 a550 aInternational Business aOLDROYD,James